<?xml version="1.0" encoding="UTF-8"?>
<collection xmlns="http://www.loc.gov/MARC21/slim">
 <record>
  <leader>01541nab a2200217 i 4500</leader>
  <controlfield tag="001">acta22563</controlfield>
  <controlfield tag="005">20210413122457.0</controlfield>
  <controlfield tag="008">161017s2002    hu      o     0||   eng d</controlfield>
  <datafield tag="022" ind1=" " ind2=" ">
   <subfield code="a">1588-385X</subfield>
  </datafield>
  <datafield tag="040" ind1=" " ind2=" ">
   <subfield code="a">SZTE Egyetemi Kiadványok Repozitórium</subfield>
   <subfield code="b">hun</subfield>
  </datafield>
  <datafield tag="041" ind1=" " ind2=" ">
   <subfield code="a">eng</subfield>
  </datafield>
  <datafield tag="100" ind1="1" ind2=" ">
   <subfield code="a">Petróczi István Mihály</subfield>
  </datafield>
  <datafield tag="245" ind1="1" ind2="0">
   <subfield code="a">Seasonal study of tillering and phyllochron of winter wheat in field trials</subfield>
   <subfield code="h">[elektronikus dokumentum] /</subfield>
   <subfield code="c"> Petróczi István Mihály</subfield>
  </datafield>
  <datafield tag="260" ind1=" " ind2=" ">
   <subfield code="c">2002</subfield>
  </datafield>
  <datafield tag="300" ind1=" " ind2=" ">
   <subfield code="a">209-210</subfield>
  </datafield>
  <datafield tag="490" ind1="0" ind2=" ">
   <subfield code="a">Acta biologica Szegediensis</subfield>
   <subfield code="v">46 No. 3-4</subfield>
  </datafield>
  <datafield tag="520" ind1="3" ind2=" ">
   <subfield code="a">In 4-yea r field trials 3 winter wheat (Triticum aestivu m L.) genotypes were studied to identify their shoot and phyllochronal development. Plant samples were picked up 5-8 times in each year from the 1st node to the ripening. The number of tillers achieved the highest rate in the period 6-13 of May in every year. In the late sowings, the decreased source couldn' t be compensated by the increasing number of spikelets and their kernels. The adaptation related mainly to the source-sink ratio. The tillering of cultivar GK Öthalom was more sensitive to the thermal time than the other parent line (GK 44-87). The better productivity of the progeny (cv. GK Miska) were due to the higher shoot and leaf number, but other characteristics were intermediate.</subfield>
  </datafield>
  <datafield tag="695" ind1=" " ind2=" ">
   <subfield code="a">Természettudomány, Biológia</subfield>
  </datafield>
  <datafield tag="700" ind1="0" ind2="1">
   <subfield code="a">Matuz János</subfield>
   <subfield code="e">aut</subfield>
  </datafield>
  <datafield tag="710" ind1=" " ind2=" ">
   <subfield code="a">Hungarian Congress on Plant Physiology, 7., 2002, Szeged</subfield>
  </datafield>
  <datafield tag="856" ind1="4" ind2="0">
   <subfield code="u">http://acta.bibl.u-szeged.hu/22563/1/pet3.pdf</subfield>
   <subfield code="z">Dokumentum-elérés </subfield>
  </datafield>
 </record>
</collection>
